Mountain geomorphology - integrating earth systems : proceedings of the 32nd Binghamton Symposium in Geomorphology, held 19-21 October 2001

Αποθηκεύτηκε σε:
Λεπτομέρειες βιβλιογραφικής εγγραφής
Συγγραφή απο Οργανισμό/Αρχή: Binghamton Symposium in Geomorphology University of North Carolina, Chapel Hill
Άλλοι συγγραφείς: Butler, David R. (Επιμελητής έκδοσης), Walsh, Stephen Joseph, 1951- (Επιμελητής έκδοσης), Malanson, George Patrick, 1950- (Επιμελητής έκδοσης)
Μορφή: Πρακτικό Συνεδρίου Βιβλίο
Γλώσσα:English
Δημοσίευση: Amsterdam : Elsevier, 2003
Θέματα:
Ετικέτες: Προσθήκη ετικέτας
Δεν υπάρχουν, Καταχωρήστε ετικέτα πρώτοι!

MARC

LEADER 00000cam a2200000 i 4500
001 1/90765
008 080709s2003 eng d
020 |a 0-444-51531-3 
035 |l 10098834 
040 |a GR-MY-UA  |b gre  |e aacr 
041 0 |a eng 
082 0 |a 551.432  |2 (22) 
111 2 |a Binghamton Symposium in Geomorphology   |n (32nd :   |d 2002 :   |c University of North Carolina, Chapel Hill) 
245 1 0 |a Mountain geomorphology - integrating earth systems :  |b proceedings of the 32nd Binghamton Symposium in Geomorphology, held 19-21 October 2001 /  |c edited by D.R. Butler, S.J. Walsh, G.P. Malanson 
260 |a Amsterdam :   |b Elsevier,   |c 2003 
300 |a vi, 398 σ.;  |b εικ. (μερ. έγχρ.);  |c 27 εκ. 
504 |a Περιέχει βιβλιογραφικές παραπομπές 
650 0 0 |a Geomorphology  |x Congresses. 
650 0 0 |a Mountains  |x Congresses. 
700 1 |a Butler, David R.  |4 edt 
700 1 |a Walsh, Stephen Joseph,   |d 1951-  |4 edt 
700 1 |a Malanson, George Patrick,   |d 1950-  |4 edt 
852 |a INST  |b LESVOS  |e 20080709  |h 551.432 MOU  |p 005100041743  |q 005100041743  |t BK  |y 0 
901 |a BIBL1-2008-2 
922 |a 1ΕΛΗ  |b 200712  |c ΕΠΕΑΕΚ2/ΤΓ  |d ΠΑΠΑΣΩΤΗΡΙΟΥ 
970 |a ΚΑΡΑ  |b ΓΙΑΣΕΜΗ  |z 2008/07/09